|
|
|
|
| LEADER |
007440000a22002050004500 |
| 020 |
|
|
|a 81-215-0890-8
|
| 082 |
|
|
|a 016.420 7 P0
|
| 100 |
|
|
|a Ganguly, S R; Author
|
| 100 |
|
|
|a Ramaiah, L S; Author
|
| 245 |
|
|
|a English language and literature teaching in India: a bibliography
|
| 260 |
|
|
|a New Delhi, Munshiram Manoharlal Pub Pvt Ltd
|
| 260 |
|
|
|c 2000
|
| 460 |
|
|
|a xxi,184
|
| 500 |
|
|
|a Includes index
|
| 500 |
|
|
|a S R Ganguly and L S Ramaiah
|
| 650 |
|
|
|a English language-Study and teaching-Bibliography
|
| 650 |
|
|
|a English literature-Study and teaching-Bibliography
|
| 942 |
|
|
|c BK
|
| 999 |
|
|
|c 30941
|d 30941
|
| 952 |
|
|
|0 0
|1 0
|4 0
|6 016_420000000000000_7_P0
|7 0
|8 REF
|9 30989
|a MGUL
|b MGUL
|d 2013-07-16
|l 0
|o 016.420 7 P0
|p G00460
|r 2013-07-16
|w 2013-07-16
|y REF
|